A Pénzvilág. - 10.évf. (1920) 37. sz.
Elmentve itt :
| Dokumentumtípus: | Folyóirat |
|---|---|
| Megjelent: |
1920
|
| Sorozat: | A Pénzvilág
10 No. 37 |
| Online Access: | http://misc.bibl.u-szeged.hu/69156 |
| LEADER | 00446nas a2200133 i 4500 | ||
|---|---|---|---|
| 001 | misc69156 | ||
| 005 | 20211013131924.0 | ||
| 008 | 211013s1920 hu o 0|| zxx d | ||
| 040 | |a SZTE Miscellanea Repozitórium |b hun | ||
| 041 | |a zxx | ||
| 245 | 0 | 2 | |a A Pénzvilág. - 10.évf. (1920) 37. sz. |h [elektronikus dokumentum] |
| 260 | |c 1920 | ||
| 490 | 0 | |a A Pénzvilág |v 10 No. 37 | |
| 856 | 4 | 0 | |u http://misc.bibl.u-szeged.hu/69156/1/penzvilag_1920_037.pdf |z Dokumentum-elérés |